Les grandes dates de l’histoire de l’Italie - Statistiques

Statistiques générales
  • Ce quiz a été pris 60 fois
  • Le résultat moyen est 2 sur 9
Statistiques - réponses
Hint Réponse % Correct
-753 Fondation de Rome
84%
24 août 79 Éruption du Vésuve
38%
-509 République Romaine
36%
1870 Unification de l’italie
23%
31 octobre 1922 Mussolini au pouvoir
9%
1 janvier 1999 Adoption de l’euro
5%
827 Invasion de la Sicile
2%
1796-1801 Campagne d’Italie de Napoléon
0%
1494 Charles VIII envahit l’italie
0%
Aucun quiz correspondant
Distribution des résultats
% des personnes avec chaque résultat
Percentile par nombre de réponses
Votre historique - résultats
Vous n’avez pas pris ce quiz